000 nam a22 a 4500
999 _c45968
_d45968
003 BLK
005 20230223174047.0
008 180408b bul|||||r ||||||| ||bul||
010 _aKNG00049770000
040 _aBLK
041 _aBUL
_cBUL
080 _aАнглоканадска литература
_b821.111(71)
_x-31
_z821.111(71)-31
100 1 _aХейли, Артър
_eпърви автор
_9363375
139 _aХейли, Артър
_bХ 38
245 1 0 _aКолела
_bРоман
_cАртър Хейли; прев. от англ. Веселин Лаптев.
250 _a2. изд.
257 _aCAN
_aGBR
260 _aСофия
_bМ.-Л.
_c1992
_fВраца : Полипринт
300 _a360 с.
_c20 см
380 _aX
500 _aОриг. загл. Wheels / Arthur Hailey. - 1. изд. 1988 на изд. Нар. култура. - 20 000 тир.
653 _aромани
700 1 _aЛаптев, Веселин
_eпрев. от англ.
_9364791
852 _aЦб 169201
856 4 _qpdf
_i20.00
_ldisable
856 4 _qpdf
_i20.00
_ldisable
942 _cKNG
_n0
_04
_s1
944 _aCR
_c03.05.2005
_lф /
_kЛюдмила_Стоянова
944 _aED
_c24.06.2016
_lф /
_kЛюдмила_Стоянова
999 _d45968